Harvard business review on business model innovation

Uložené v:
Podrobná bibliografia
Médium: Kniha
Jazyk:English
Vydavateľské údaje: Boston Harvard Business Press 2010
Edícia:A Harvard business review paperback
Predmet:
Tagy: Pridať tag
Žiadne tagy, Buďte prvý, kto otaguje tento záznam!

MARC

LEADER 00000nam a2200000 4500
001 0157200
005 20240315115404.6
020 |a 978-1-4221-3342-2 
041 0 |a eng 
044 |a US 
245 1 0 |a Harvard business review on business model innovation 
264 1 |a Boston  |b Harvard Business Press  |c 2010 
300 |a 207 s. 
490 1 |a A Harvard business review paperback 
830 0 |a A Harvard business review paperback 
610 2 0 |a podnikanie 
610 2 0 |a modely podniku 
610 2 0 |a stratégia podniková 
610 2 0 |a ciele podnikové 
610 2 0 |a konkurencieschopnosť 
610 2 0 |a plánovanie 
610 2 0 |a stratégia inovačná